Markets (Record no. 84103)

MARC details
000 -LEADER
fixed length control field 01107cab a22002175a 4500
001 - CONTROL NUMBER
control field L156645
008 - FIXED-LENGTH DATA ELEMENTS--GENERAL INFORMATION
fixed length control field 120618e2012 xxk 000 0 eng d
035 ## - SYSTEM CONTROL NUMBER
System control number (Sirsi) u156645
041 0# - LANGUAGE CODE
Language code of text/sound track or separate title eng
100 1# - MAIN ENTRY--PERSONAL NAME
Personal name Stewart, Sarah
245 00 - TITLE STATEMENT
Title Markets
Remainder of title Kent, Surrey and Sussex
260 ## - PUBLICATION, DISTRIBUTION, ETC.
Date of publication, distribution, etc. 2012
490 #0 - SERIES STATEMENT
Series statement Property Week
Volume/sequential designation 78(24) 15 June 2012, 53-60(5)
520 ## - SUMMARY, ETC.
Summary, etc. Round-up of news from the Kent, Surrey and Sussex commercial property markets: twelve struggling towns in Kent are about to receive their Portas high street project funding; Bromley Town Council starts search for investor to redevelop its town centre; Hastings is given £8.5m government funding to commence the next phase of its Priory Quarter, a speculative 25 000 sq ft office scheme; and Aviva Investors will not be selling its south-eastern properties within its £989m Mall Fund. Describes how Bluewater shopping centre will compete with Westfield Stratford during the summer shopping Olympics.
590 ## - LOCAL NOTE (RLIN)
Local note KA
651 #4 - SUBJECT ADDED ENTRY--GEOGRAPHIC NAME
Geographic name Kent
651 #4 - SUBJECT ADDED ENTRY--GEOGRAPHIC NAME
Geographic name Sussex
651 #4 - SUBJECT ADDED ENTRY--GEOGRAPHIC NAME
Geographic name Surrey
690 ## - LOCAL SUBJECT ADDED ENTRY--TOPICAL TERM (OCLC, RLIN)
Topical term or geographic name as entry element Commercial property
9 (RLIN) 6227
942 ## - ADDED ENTRY ELEMENTS (KOHA)
Suppress in OPAC 0
Holdings
Withdrawn status Lost status Source of classification or shelving scheme Damaged status Not for loan Home library Current library Shelving location Date acquired Total Checkouts Full call number Barcode Date last seen Copy number Price effective from Koha item type
    Dewey Decimal Classification     London London Journal article 17/06/2012   L156645 156645-1001 06/08/2019 1 06/08/2019 Journal article